书目信息 |
| 题名: |
机械工程图识图实训
|
|
| 作者: | 高英敏 , 马璇 主编 ;马英 , 黄继明副 主编 | |
| 分册: | ||
| 出版信息: | 天津 天津大学出版社 2010.03 |
|
| 页数: | 51页 | |
| 开本: | 26×30cm | |
| 丛书名: | ||
| 单 册: | ||
| 中图分类: | TH126 | |
| 科图分类: | ||
| 主题词: | 机械制图:计算机制图 | |
| 电子资源: | ||
| ISBN: | 978-7-5618-3078-9 | |
| 000 | 01270nam0 2200265 450 | |
| 001 | 1042039140 | |
| 005 | 20100617114339.65 | |
| 010 | @a978-7-5618-3078-9@dCNY25.00 | |
| 100 | @a20100515d2010 km y0chiy0120 ea | |
| 101 | 0 | @achi |
| 102 | @aCN@b120000 | |
| 105 | @aa z 000yy | |
| 200 | 1 | @a机械工程图识图实训@Aji xie gong cheng tu shi tu shi xun@f高英敏, 马璇主编@Fgao ying min,ma xuan zhu bian@g马英, 黄继明副主编@Gma ying,huang ji ming fu zhu bian |
| 210 | @a天津@c天津大学出版社@d2010.03 | |
| 215 | @a51页@c图@d26×30cm | |
| 300 | @a首批国家级示范性高等职业院校重点建设专业规划教材 普通高等教育"十一五"规划教材配套教材 | |
| 330 | @a本书共两个实训项目:识读零件图和识读装配图,识读零件图配有13个典型零件图,识读装配图配有7个典型装配图。在每个工程图中都列有识图要求,学生在识图要求下完成工程图的识读。本书在内容编排上从工程实际,出发,以工作过程和应用为导向,加强了工程图的识读训练讲解和实训。全书以工程图实际识读顺序编排。图文并茂,并配有识读答案和三维造型光盘,以便于学生自我检验和评估。 | |
| 606 | 0 | @a机械制图:计算机制图 |
| 690 | @aTH126@v4 | |
| 701 | 0 | @a高英敏@Agao ying min@4主编 |
| 701 | 0 | @a马璇@Ama xuan@4主编 |
| 702 | 0 | @a马英@Ama ying@4主编 |
| 702 | 0 | @a黄继明副@Ahuang ji ming fu@4主编 |
| 801 | 0 | @aCN@c20100515 |
| 905 | @dTH126@eG204@f3 | |
| 机械工程图识图实训/高英敏, 马璇主编/马英, 黄继明副主编.-天津:天津大学出版社,2010.03 |
| 51页:图;26×30cm |
| 首批国家级示范性高等职业院校重点建设专业规划教材 普通高等教育"十一五"规划教材配套教材 |
| ISBN 978-7-5618-3078-9:CNY25.00 |
| 本书共两个实训项目:识读零件图和识读装配图,识读零件图配有13个典型零件图,识读装配图配有7个典型装配图。在每个工程图中都列有识图要求,学生在识图要求下完成工程图的识读。本书在内容编排上从工程实际,出发,以工作过程和应用为导向,加强了工程图的识读训练讲解和实训。全书以工程图实际识读顺序编排。图文并茂,并配有识读答案和三维造型光盘,以便于学生自我检验和评估。 |
| ● |
| 相关链接 |
|
|
|
正题名:机械工程图识图实训
索取号:TH126/G204
 
预约/预借
| 序号 | 登录号 | 条形码 | 馆藏地/架位号 | 状态 | 备注 |